000 00533cam a2200157 4500500
005 20260329020420.0
041 _afre
042 _adc
100 1 0 _aHaidar, Riad
_eauthor
700 1 0 _aHugonnot, Emmanuel
_eauthor
700 1 0 _aJoindot, Michel
_eauthor
700 1 0 _aMoncorgé, Richard
_eauthor
245 0 0 _aFondamentaux de l'optique
260 _bTechniques de l'ingénieur,
_c2025.
856 4 1 _uhttps://stm.cairn.info/techniques-de-l-ingenieur-fondamentaux-de-loptique--42448210?lang=fr&redirect-ssocas=7080
999 _c1905926
_d1905926